000 00467nam a22001817a 4500
005 20230822100656.0
008 160111b xxu||||| |||| 00| 0 eng d
020 _a8172361408
_c1000
040 _aLoreto College
082 _a915
_bDAN
245 _aAsia
_b:land and people
260 _aKolkata
_bAsiatic asociety
_c2003
300 _axiii, 632p.
650 _aGeography of & travel in Asia
700 _4ed.
_aDanda, Ajit Kumar
850 _aLCLIB
942 _cBK
999 _c40249
_d90728